000 01043nas a2200289 i 4500
001 369
003 ES-MaACL
005 20250217133733.0
007 t|
008 950801d18111971fr | | 1 ||re d
080 _a44
245 0 0 _aBibliographie de la France
_b: journal général de l'imprimerie et de la librairie /
_cpubliée sur les documents fournis par le Ministére de l'Interieur.
260 _aParis :
_bMinistére de l'Interieur,
_c1811-1971 (
_fImp. Pillet, etc)
300 _a81 v. ;
_c25 cm.
310 _aSemanal
362 1 _aAño I, t. I (1811)-1971.
500 _aEn 1900 se pública un tomo de indices.
500 _aSerie 2ª, t. I (1857.
500 _aSerie 3ª, t. sin numerar (1943.
500 _aSerie 4ª, t. sin numerar (1945.
500 _aSerie 5ª, t. sin numerar (1950.
525 _aLos suplementos van encuadernados con la revista.
650 4 _aBibliografía.
_910516
852 _aES-MaACL
_jHem-103
866 0 _o1811,1864-1911,1914-36,(1943f.n.35y36)(1944),1950-56.
999 _c369
_d369